| 000 | 00465nam a22001697a 4500 | ||
|---|---|---|---|
| 999 |
_c6116 _d6114 |
||
| 005 | 20210310111718.0 | ||
| 008 | 200317b xxu||||| |||| 00| 0 eng d | ||
| 020 | _a9788123902739 | ||
| 041 | _aeng | ||
| 082 | _a615.1 | ||
| 100 |
_aGUPTA, ASHOK _96496 |
||
| 245 |
_aINTRODUCTION TO PHARMACEUTICS-I ( ACCORDING ------1991) _cASHOK GUPTA |
||
| 260 |
_aNEW DELHI _bCBS PUBLISHERS AND DISTRIBUTORS _c2019 |
||
| 300 | _a313 P. | ||
| 650 |
_aPHARMACY _96497 |
||
| 942 | _cBK | ||